The 80 minute MBA / (Record no. 142182)

MARC details
000 -LEADER
fixed length control field 00775nam a2200265 a 4500
008 - FIXED-LENGTH DATA ELEMENTS--GENERAL INFORMATION
fixed length control field
020 ## - INTERNATIONAL STANDARD BOOK NUMBER
International Standard Book Number 9780755318902 (pbk.)
049 ## - LOCAL HOLDINGS (OCLC)
Holding library MAIN
090 ## - LOCALLY ASSIGNED LC-TYPE CALL NUMBER (OCLC); LOCAL CALL NUMBER (RLIN)
Classification number (OCLC) (R) ; Classification number, CALL (RLIN) (NR) HF1008
Local cutter number (OCLC) ; Book number/undivided call number, CALL (RLIN) REE
003 - CONTROL NUMBER IDENTIFIER
control field
005 - DATE AND TIME OF LATEST TRANSACTION
control field 20241125151245.0
040 ## - CATALOGING SOURCE
Transcribing agency NUST
100 1# - MAIN ENTRY--PERSONAL NAME
Personal name Reeves, Richard
245 04 - TITLE STATEMENT
Title The 80 minute MBA /
Statement of responsibility, etc. Richard Reeves and John Knell.
260 ## - PUBLICATION, DISTRIBUTION, ETC.
Place of publication, distribution, etc. London :
Name of publisher, distributor, etc. Headline Publishing,
Date of publication, distribution, etc. 2009.
300 ## - PHYSICAL DESCRIPTION
Extent 159 p. :
Other physical details ill. ;
Dimensions 21 cm.
500 ## - GENERAL NOTE
General note Includes bibliographic references.
650 ## - SUBJECT ADDED ENTRY--TOPICAL TERM
Topical term or geographic name entry element Management
General subdivision Study and teaching.
650 ## - SUBJECT ADDED ENTRY--TOPICAL TERM
Topical term or geographic name entry element Business education
General subdivision Curricula.
650 ## - SUBJECT ADDED ENTRY--TOPICAL TERM
Topical term or geographic name entry element Administration.
650 ## - SUBJECT ADDED ENTRY--TOPICAL TERM
Topical term or geographic name entry element Business.
700 ## - ADDED ENTRY--PERSONAL NAME
Personal name Knell, John.
907 ## - LOCAL DATA ELEMENT G, LDG (RLIN)
a .b10320465
b 11-10-13
c 11-10-12
942 ## - ADDED ENTRY ELEMENTS (KOHA)
Koha item type Ordinary Loan Books
Call number prefix HF1008
Call number suffix REE
Koha issues (borrowed), all copies 1
Holdings
Date last seen Total Checkouts Full call number Barcode Date last checked out Cost, replacement price Price effective from Koha item type Lost status Source of classification or shelving scheme Damaged status Not for loan Collection Withdrawn status Home library Current library Shelving location Date acquired Cost, normal purchase price
12/05/2024 3 HF1008 REE 92004031871 11/25/2024 80.00 01/23/2023 BOOKS   LCC     NFIC   MAIN MAIN GEN 01/23/2023 80.00